000 01369cam a2200145 4500500
005 20260329023252.0
041 _afre
042 _adc
100 1 0 _aSaint-Preux
_eauthor
700 1 0 _aSaint-Preux
_eauthor
245 0 0 _aÀ l’ENA : y entrer [s’] en sortir
260 _bArmand Colin,
_c2013.
520 _aL’ENA laisse rarement indifférent. Fabrique des élites pour les uns, symbole de l’endogamie républicaine pour les autres, l’École nationale d’administration est-elle réellement un lieu d’excellence ou l’école du pire ?Être énarque, un rêve français ? Sur un ton léger et subjectif, ce livre-témoignage raconte le quotidien de deux années de scolarité d’une promotion d’apprentis énarques dans ce sanctuaire très fermé qu’est l’ENA. Une expérience unique qui fait la part des choses entre procès injustes et critiques fondées, sans tomber dans le pamphlet ni le conte de fées.L’auteur apporte un éclairage nouveau sur certains défauts de l’ENA, mais aussi sur les évolutions souhaitables (modes de sélection, logique du concours, savoirs délivrés). Il contribue à ce débat permanent: cette école mythique est-elle adaptée aux enjeux de ce temps ?
856 4 1 _uhttps://shs.cairn.info/a-lena-y-entrer-sen-sortir--9782200286347?lang=fr&redirect-ssocas=7080
999 _c1925955
_d1925955